Náhradná geometria pri súradnicovom meraní (Substitute geometry in coordinate measurement) [CD-ROM] : diplomová práca

Enregistré dans:
Détails bibliographiques
Auteur principal: Farský, Juraj, 1984- (Auteur)
Autres auteurs: Krsek, Aleš, 1940- (xxx), Polák, Ján (Opposant)
Format: Manuscrit Livre
Langue:slovaque
Publié: Bratislava : STU v Bratislave SjF, 2008
Édition:1.vyd.
Sujets:
Tags: Ajouter un tag
Pas de tags, Soyez le premier à ajouter un tag!

MARC

LEADER 00000ntm a22000003a 4500
001 stu176082
005 20150617225608.8
008 081124s2008----xo------------------slo-d
040 |a STU  |b slo 
041 0 |a slo 
044 |a xo 
100 1 |a Farský, Juraj,  |d 1984-  |4 aut  |u J0070  |9 100  |U SjF Strojnícka fakulta  |T SjF Ústav výrobných systémov, enviromentálnej techniky a manažment kvality  |X 14554  |U J0070  |Y 804  |7 A000014554 
245 1 |a Náhradná geometria pri súradnicovom meraní (Substitute geometry in coordinate measurement) [CD-ROM] :  |b diplomová práca 
250 |a 1.vyd. 
260 |a Bratislava :  |b STU v Bratislave SjF,  |c 2008 
300 |a 66 s 
650 7 |a Harmonics  |2 stusub 
650 7 |a meracie stroje  |2 stusub 
650 7 |a náhradná geometria  |2 stusub 
650 7 |a Coordinate measurement machines  |2 estusub 
650 7 |a harmonics fitting method  |2 estusub 
700 1 |a Krsek, Aleš,  |d 1940-  |4 xxx  |u J0070  |U SjF Strojnícka fakulta  |T SjF Ústav výrobných systémov, enviromentálnej techniky a manažment kvality  |X 2458  |U J0070  |Y 804  |7 A000002458 
700 1 |a Polák, Ján  |4 opn 
996 |b 284J035040  |c J*40/DP  |l JJSK  |s A  |a 24  |w stu176082_0001